| 000 | 01458nam a2200277 i 4500 | ||
|---|---|---|---|
| 001 | bg | ||
| 245 | 0 | 0 |
_aProblemy ochrony i renaturalizacji dolin dużych rzek Europy : _bmiędzynarodowa konferencja z okazji 20-lecia Kazimierskiego Parku Krajobrazowego, Kazimierz Dolny, 1-4 września 1999 r. : materiały konferencji / _cpod red. Marka Kucharczyka ; Lubelski Urząd Wojewódzki, Uniwersytet Marii Curie-Skłodowskiej w Lublinie, Zarząd Zespołu Lubelskich Parków Krajobrazowych. |
| 260 |
_aLublin : _bWydaw. UMCS, _c1999. |
||
| 300 |
_a235 s. : _bil., mapy ; _c24 cm. |
||
| 500 | _aTyt. równol. : Problems of the protection and re-naturalisation of the valleys of big European rivers : International Conference - the 20th Anniversary of the Kazimierz Landscape Park, Kazimierz Dolny, 1-4 September 1999. - Tekst częśc. ang. - Streszcz. ang. przy pracach. | ||
| 504 | _aBibliogr. przy pracach. | ||
| 650 | 9 |
_aDoliny _xhigiena i ochrona _zPolska |
|
| 650 | 9 |
_aRzeki _xhigiena i ochrona _zPolska |
|
| 655 | _aMateriały konferencyjne | ||
| 700 | 1 |
_aKUCHARCZYK, Marek. _eRed. |
|
| 710 | 0 | _aUrząd Wojewódzki (Lublin) | |
| 710 | 0 | _aUniwersytet Marii Curie-Skłodowskiej (Lublin) | |
| 710 | 0 |
_aZespół Lubelskich Parków Krajobrazowych _bZarząd |
|
| 020 | _a8322714378 | ||
| 040 | _cBPK | ||
| 041 | 1 |
_aplen _ben |
|
| 080 | _a551.43:556.5:504](438)(061) | ||
| 920 | _a83-227-1437-8 | ||
| 942 | _cKS | ||
| 008 | s pl f |000 0 pol | ||
| 999 |
_c36953 _d36953 |
||
| 856 |
_uhttp://koha.tu.koszalin.pl/cgi-bin/koha/opac-detail.pl?biblionumber=36953 _yKatalog online BPK |
||